00941nam a22002297a 4500003000800000008004100008037002800049039003000077040002900107041000700136080000800143100002800151245014900179260010000328300001900428502017600447520001500623650003200638655001200670942001200682999001700694BI-BuBU260225b ||||| |||| 00| 0 fre d a234556bDon de l'auteur a25/02/2026bEric HITIMANA aBI-BuBUbfrcUBdBI-BuBU afr aCDU1 4autaNSENGIYUMVA(Aline)12aL'impact de la stratégie de positionnement sur les performances commerciales d'une banque bCas de la banque commerciale du Burundi(2008-2014) aBujumbura bUniversité du Burundi,Faculté des sciences Economiques et administrativesc2017 aXII-92f.c30cm 6Mémoire présentée et défendue publiquement en vue de l'obtention du grade de licence en sciences économiques et administratives option:Gestion et administrations aRésumé 2BI-BuBUaBANQUE.PERFORMANCE 2BI-BuBU 2udccBK c53457d53457